[Event "Chelyabinsk"]
[Site "?"]
[Date "2019.01.13"]
[Round "2.1"]
[White "Gutenev, Alexander"]
[Black "Tosic, Miroslav"]
[Result "1/2-1/2"]
[BlackElo "2360"]
[WhiteElo "2456"]
[LiveChessVersion "1.4.8"]

1. e4 {[%clk 1:30:57]} e5 {[%clk 1:28:13]} 2. Nf3 {[%clk 1:31:18]} Nc6
{[%clk 1:28:36]} 3. Bb5 {[%clk 1:31:41]} a6 {[%clk 1:29:01]} 4. Ba4
{[%clk 1:32:05]} Nf6 {[%clk 1:29:25]} 5. O-O {[%clk 1:32:29]} Be7
{[%clk 1:29:52]} 6. Re1 {[%clk 1:32:34]} b5 {[%clk 1:30:15]} 7. Bb3
{[%clk 1:32:59]} d6 {[%clk 1:30:40]} 8. c3 {[%clk 1:33:20]} O-O {[%clk 1:31:02]}
9. h3 {[%clk 1:33:46]} Na5 {[%clk 1:31:26]} 10. Bc2 {[%clk 1:34:09]} c5
{[%clk 1:31:47]} 11. d4 {[%clk 1:34:33]} Qc7 {[%clk 1:32:07]} 12. Nbd2
{[%clk 1:34:38]} cxd4 {[%clk 1:32:28]} 13. cxd4 {[%clk 1:35:03]} Nc6
{[%clk 1:32:53]} 14. d5 {[%clk 1:34:01]} Nb4 {[%clk 1:30:28]} 15. Bb1
{[%clk 1:34:25]} a5 {[%clk 1:30:53]} 16. a3 {[%clk 1:34:50]} Na6 {[%clk 1:31:12]}
17. b4 {[%clk 1:35:13]} Bd7 {[%clk 1:22:21]} 18. Qb3 {[%clk 1:34:14]} Rfc8
{[%clk 1:17:55]} 19. Bb2 {[%clk 1:33:15]} Nh5 {[%clk 1:17:57]} 20. Rc1
{[%clk 1:00:36]} Qa7 {[%clk 1:01:19]} 21. Bd3 {[%clk 0:53:52]} Bd8
{[%clk 1:01:20]} 22. Qd1 {[%clk 0:48:48]} 1/2-1/2

[Event "Chelyabinsk"]
[Site "?"]
[Date "2019.01.13"]
[Round "2.2"]
[White "Slizhevsky, Alexander"]
[Black "Drygalov, Sergey"]
[Result "1/2-1/2"]
[BlackElo "2442"]
[WhiteElo "2428"]
[LiveChessVersion "1.4.8"]

1. e4 {[%clk 1:30:45]} c5 {[%clk 1:30:58]} 2. Nf3 {[%clk 1:31:02]} d6
{[%clk 1:31:24]} 3. d4 {[%clk 1:31:21]} cxd4 {[%clk 1:31:51]} 4. Nxd4
{[%clk 1:31:46]} Nf6 {[%clk 1:32:18]} 5. Nc3 {[%clk 1:32:06]} a6 {[%clk 1:32:44]}
6. Be2 {[%clk 1:32:01]} e6 {[%clk 1:31:02]} 7. O-O {[%clk 1:31:22]} Qc7
{[%clk 1:29:31]} 8. f4 {[%clk 1:30:56]} Be7 {[%clk 1:27:38]} 9. a4
{[%clk 1:29:10]} O-O {[%clk 1:25:35]} 10. Kh1 {[%clk 1:28:33]} Nc6
{[%clk 1:07:21]} 11. Be3 {[%clk 1:27:28]} Bd7 {[%clk 1:04:15]} 12. Nb3
{[%clk 1:25:53]} Nb4 {[%clk 0:57:45]} 13. a5 {[%clk 1:14:33]} Bc6
{[%clk 0:47:10]} 14. Qd2 {[%clk 1:06:14]} d5 {[%clk 0:42:13]} 15. e5
{[%clk 1:05:54]} Ne4 {[%clk 0:42:17]} 16. Nxe4 {[%clk 1:05:56]} dxe4
{[%clk 0:42:43]} 17. Bc5 {[%clk 1:05:52]} Nd5 {[%clk 0:39:16]} 18. Bd6
{[%clk 1:03:16]} Bxd6 {[%clk 0:36:28]} 19. exd6 {[%clk 1:03:40]} Qd8
{[%clk 0:36:02]} 20. c4 {[%clk 0:54:12]} Nf6 {[%clk 0:36:24]} 21. Qd4
{[%clk 0:50:40]} Nd7 {[%clk 0:35:44]} 22. Nc5 {[%clk 0:45:42]} Qf6
{[%clk 0:34:12]} 23. Qxf6 {[%clk 0:44:58]} Nxf6 {[%clk 0:34:37]} 24. Rfd1
{[%clk 0:44:31]} h6 {[%clk 0:32:29]} 25. Rd4 {[%clk 0:39:33]} g5 {[%clk 0:32:36]}
26. fxg5 {[%clk 0:38:25]} hxg5 {[%clk 0:33:04]} 27. Ra3 {[%clk 0:36:38]} Kg7
{[%clk 0:26:33]} 28. Rg3 {[%clk 0:33:27]} Kh6 {[%clk 0:26:31]} 29. Rb3
{[%clk 0:33:44]} Rab8 {[%clk 0:25:59]} 30. Rb6 {[%clk 0:32:31]} Rfd8
{[%clk 0:25:02]} 31. b4 {[%clk 0:29:43]} Kg6 {[%clk 0:23:03]} 32. d7
{[%clk 0:25:33]} Nxd7 {[%clk 0:21:11]} 33. Rxc6 {[%clk 0:23:17]} Nxc5
{[%clk 0:18:47]} 34. Rxd8 {[%clk 0:23:31]} Rxd8 {[%clk 0:19:10]} 35. Rxc5
{[%clk 0:23:54]} Rd2 {[%clk 0:18:59]} 36. Bf1 {[%clk 0:21:42]} f5
{[%clk 0:15:49]} 37. g3 {[%clk 0:20:07]} Kf6 {[%clk 0:15:05]} 38. h4
{[%clk 0:10:32]} g4 {[%clk 0:12:27]} 39. b5 {[%clk 0:09:23]} e3 {[%clk 0:11:56]}
40. Rc7 {[%clk 0:08:16]} Rd1 {[%clk 0:11:40]} 41. Kg2 {[%clk 0:08:39]} Rd2+
{[%clk 0:12:06]} 42. Kg1 {[%clk 0:08:48]} Rd1 {[%clk 0:12:18]} 43. Kg2
{[%clk 0:09:13]} 1/2-1/2

[Event "Chelyabinsk"]
[Site "?"]
[Date "2019.01.13"]
[Round "2.3"]
[White "Sivuk, Vitaly"]
[Black "Drygalov, Andrey"]
[Result "1-0"]
[BlackElo "2485"]
[WhiteElo "2552"]
[LiveChessVersion "1.4.8"]

1. Nf3 {[%clk 1:30:52]} d5 {[%clk 1:30:56]} 2. c4 {[%clk 1:30:52]} e6
{[%clk 1:26:59]} 3. g3 {[%clk 1:31:08]} Nf6 {[%clk 1:27:02]} 4. Bg2
{[%clk 1:31:31]} Be7 {[%clk 1:26:12]} 5. d4 {[%clk 1:31:04]} O-O {[%clk 1:26:27]}
6. Nc3 {[%clk 1:31:24]} c6 {[%clk 1:25:27]} 7. Qd3 {[%clk 1:30:50]} b6
{[%clk 1:22:36]} 8. O-O {[%clk 1:30:21]} Ba6 {[%clk 1:22:47]} 9. b3
{[%clk 1:30:42]} Nbd7 {[%clk 1:22:49]} 10. e4 {[%clk 1:29:30]} Rc8
{[%clk 1:11:43]} 11. Rd1 {[%clk 1:27:13]} Bb7 {[%clk 0:59:51]} 12. e5
{[%clk 1:18:04]} Ne8 {[%clk 1:00:17]} 13. h4 {[%clk 1:18:18]} Nc7
{[%clk 0:56:44]} 14. Ng5 {[%clk 1:14:42]} g6 {[%clk 0:56:59]} 15. Nh3
{[%clk 1:11:28]} c5 {[%clk 0:54:48]} 16. cxd5 {[%clk 1:09:29]} exd5
{[%clk 0:54:30]} 17. Nf4 {[%clk 0:54:42]} cxd4 {[%clk 0:52:07]} 18. Ncxd5
{[%clk 0:52:28]} Nxd5 {[%clk 0:50:52]} 19. Nxd5 {[%clk 0:52:46]} Bxd5
{[%clk 0:50:54]} 20. Bxd5 {[%clk 0:53:10]} Nxe5 {[%clk 0:50:58]} 21. Qxd4
{[%clk 0:53:10]} Bf6 {[%clk 0:50:54]} 22. Qe4 {[%clk 0:51:06]} Qe7
{[%clk 0:39:39]} 23. Bf4 {[%clk 0:43:07]} Rfe8 {[%clk 0:38:07]} 24. Rac1
{[%clk 0:42:33]} Kg7 {[%clk 0:35:17]} 25. h5 {[%clk 0:39:03]} g5 {[%clk 0:33:49]}
26. Qf5 {[%clk 0:32:02]} Rxc1 {[%clk 0:32:38]} 27. Bxc1 {[%clk 0:32:23]} h6
{[%clk 0:25:49]} 28. Be4 {[%clk 0:32:03]} Ng6 {[%clk 0:25:36]} 29. Bc6
{[%clk 0:25:45]} Qe2 {[%clk 0:21:52]} 30. Rd6 {[%clk 0:23:33]} Qe5
{[%clk 0:20:13]} 31. Rxf6 {[%clk 0:14:05]} Qxf5 {[%clk 0:20:23]} 32. Rxf5
{[%clk 0:14:29]} Re1+ {[%clk 0:20:50]} 33. Kg2 {[%clk 0:14:51]} Rxc1
{[%clk 0:21:14]} 34. Bd5 {[%clk 0:14:46]} Nh8 {[%clk 0:21:40]} 35. Bc4
{[%clk 0:14:57]} Rd1 {[%clk 0:20:43]} 36. Re5 {[%clk 0:13:51]} Rd7
{[%clk 0:17:24]} 37. Re8 {[%clk 0:11:57]} f6 {[%clk 0:17:20]} 38. Rg8+
{[%clk 0:11:40]} Kh7 {[%clk 0:17:46]} 39. Kf3 {[%clk 0:09:53]} Nf7
{[%clk 0:12:42]} 40. Bxf7 {[%clk 0:09:41]} Rxf7 {[%clk 0:13:04]} 41. Rd8
{[%clk 0:07:38]} f5 {[%clk 0:13:05]} 42. Ke3 {[%clk 0:07:45]} Kg7
{[%clk 0:12:41]} 43. Kd3 {[%clk 0:07:27]} f4 {[%clk 0:08:59]} 44. g4
{[%clk 0:07:43]} Re7 {[%clk 0:08:42]} 45. a4 {[%clk 0:06:01]} f3 {[%clk 0:06:57]}
46. Ra8 {[%clk 0:04:38]} a5 {[%clk 0:03:54]} 47. Rb8 {[%clk 0:04:59]} Re2
{[%clk 0:02:49]} 48. Rxb6 {[%clk 0:03:48]} Rxf2 {[%clk 0:02:38]} 49. Ke3
{[%clk 0:04:12]} Rf1 {[%clk 0:02:24]} 50. Rb7+ {[%clk 0:03:49]} Kf6
{[%clk 0:02:13]} 51. Rh7 {[%clk 0:03:42]} Ke5 {[%clk 0:01:53]} 52. Rxh6
{[%clk 0:04:02]} Rc1 {[%clk 0:02:17]} 53. Kxf3 {[%clk 0:02:30]} Rc3+
{[%clk 0:02:42]} 54. Ke2 {[%clk 0:02:38]} Rxb3 {[%clk 0:02:25]} 55. Ra6
{[%clk 0:01:32]} Kf4 {[%clk 0:02:33]} 56. Rxa5 {[%clk 0:01:44]} Kxg4
{[%clk 0:02:47]} 57. h6 {[%clk 0:02:09]} Rb7 {[%clk 0:01:32]} 58. Ra6
{[%clk 0:02:15]} Kg3 {[%clk 0:00:38]} 59. Rg6 {[%clk 0:02:20]} Re7+
{[%clk 0:00:35]} 60. Kd3 {[%clk 0:02:31]} g4 {[%clk 0:00:37]} 61. Rg7
{[%clk 0:02:51]} Re8 {[%clk 0:00:45]} 62. h7 {[%clk 0:03:14]} Rh8
{[%clk 0:01:04]} 63. a5 {[%clk 0:02:46]} Kh3 {[%clk 0:00:50]} 64. a6
{[%clk 0:02:30]} g3 {[%clk 0:00:49]} 65. a7 {[%clk 0:02:54]} Rd8+
{[%clk 0:00:38]} 66. Kc4 {[%clk 0:02:36]} g2 {[%clk 0:00:41]} 67. Rg8
{[%clk 0:03:00]} 1-0

[Event "Chelyabinsk"]
[Site "?"]
[Date "2019.01.13"]
[Round "2.4"]
[White "Bezgodov, Alexei"]
[Black "Khanin, Semen"]
[Result "1-0"]
[BlackElo "2514"]
[WhiteElo "2441"]
[LiveChessVersion "1.4.8"]

1. e4 {[%clk 1:30:56]} c5 {[%clk 1:30:56]} 2. Nf3 {[%clk 1:31:16]} e6
{[%clk 1:31:21]} 3. d4 {[%clk 1:31:36]} cxd4 {[%clk 1:31:47]} 4. Nxd4
{[%clk 1:32:01]} Nc6 {[%clk 1:32:14]} 5. Nc3 {[%clk 1:32:17]} Qc7
{[%clk 1:32:38]} 6. Be3 {[%clk 1:32:05]} a6 {[%clk 1:33:03]} 7. Qf3
{[%clk 1:32:06]} Nf6 {[%clk 1:32:10]} 8. O-O-O {[%clk 1:32:01]} h5
{[%clk 1:32:35]} 9. Be2 {[%clk 1:24:01]} Ng4 {[%clk 1:25:44]} 10. Bf4
{[%clk 1:19:32]} Nce5 {[%clk 1:26:05]} 11. Qg3 {[%clk 1:16:27]} d6
{[%clk 1:26:23]} 12. f3 {[%clk 1:14:02]} Nf6 {[%clk 1:20:09]} 13. Bg5
{[%clk 1:09:24]} Nh7 {[%clk 1:14:00]} 14. h4 {[%clk 1:03:53]} Nxg5
{[%clk 1:03:06]} 15. hxg5 {[%clk 1:03:28]} g6 {[%clk 1:03:21]} 16. f4
{[%clk 0:59:57]} Nc6 {[%clk 1:02:11]} 17. f5 {[%clk 0:59:40]} Nxd4
{[%clk 0:57:18]} 18. Rxd4 {[%clk 1:00:04]} Qc5 {[%clk 0:54:51]} 19. Rhd1
{[%clk 0:52:43]} h4 {[%clk 0:54:27]} 20. Qd3 {[%clk 0:46:31]} Bd7
{[%clk 0:37:42]} 21. fxe6 {[%clk 0:32:20]} Qxg5+ {[%clk 0:36:56]} 22. Kb1
{[%clk 0:32:46]} fxe6 {[%clk 0:30:46]} 23. e5 {[%clk 0:25:26]} d5
{[%clk 0:30:52]} 24. Rxd5 {[%clk 0:16:07]} exd5 {[%clk 0:28:58]} 25. Nxd5
{[%clk 0:16:31]} Kf7 {[%clk 0:19:45]} 26. Nc7 {[%clk 0:12:56]} Rd8
{[%clk 0:14:30]} 27. Qc4+ {[%clk 0:12:09]} Kg7 {[%clk 0:09:47]} 28. Rxd7+
{[%clk 0:12:16]} Kh6 {[%clk 0:10:14]} 29. Ne6 {[%clk 0:12:30]} b5
{[%clk 0:09:23]} 30. Nxg5 {[%clk 0:12:18]} bxc4 {[%clk 0:09:45]} 31. Nf7+
{[%clk 0:12:44]} Kg7 {[%clk 0:10:13]} 32. Nxd8+ {[%clk 0:13:06]} 1-0

[Event "Chelyabinsk"]
[Site "?"]
[Date "2019.01.13"]
[Round "2.5"]
[White "Korneev, Oleg"]
[Black "Simantsev, Mikhail"]
[Result "1-0"]
[BlackElo "2401"]
[WhiteElo "2545"]
[LiveChessVersion "1.4.8"]

1. e4 {[%clk 1:23:19]} e5 {[%clk 1:30:56]} 2. Nf3 {[%clk 1:20:48]} Nc6
{[%clk 1:31:13]} 3. Bb5 {[%clk 1:21:05]} a6 {[%clk 1:31:31]} 4. Ba4
{[%clk 1:21:32]} Nf6 {[%clk 1:31:56]} 5. O-O {[%clk 1:21:56]} Be7
{[%clk 1:32:19]} 6. d3 {[%clk 1:22:21]} b5 {[%clk 1:31:51]} 7. Bb3
{[%clk 1:21:38]} d6 {[%clk 1:32:16]} 8. a3 {[%clk 1:21:59]} O-O {[%clk 1:31:46]}
9. Nc3 {[%clk 1:22:26]} Bg4 {[%clk 1:29:34]} 10. Be3 {[%clk 1:22:54]} Nd4
{[%clk 1:26:34]} 11. Bxd4 {[%clk 1:23:22]} exd4 {[%clk 1:26:58]} 12. Nd5
{[%clk 1:23:46]} Nd7 {[%clk 1:18:27]} 13. h3 {[%clk 1:22:47]} Bxf3
{[%clk 1:14:30]} 14. Qxf3 {[%clk 1:22:17]} c6 {[%clk 1:12:47]} 15. Nf4
{[%clk 1:21:16]} Bg5 {[%clk 0:56:51]} 16. Ne2 {[%clk 1:17:57]} Bf6
{[%clk 0:51:45]} 17. Qg3 {[%clk 1:14:38]} Nc5 {[%clk 0:47:53]} 18. Ba2
{[%clk 1:13:49]} a5 {[%clk 0:33:10]} 19. f4 {[%clk 1:12:56]} Nd7 {[%clk 0:21:02]}
20. Qf2 {[%clk 1:02:25]} Qb6 {[%clk 0:19:42]} 21. g4 {[%clk 0:58:17]} g6
{[%clk 0:16:51]} 22. g5 {[%clk 0:57:34]} Bg7 {[%clk 0:06:26]} 23. h4
{[%clk 0:43:04]} Kh8 {[%clk 0:03:39]} 24. h5 {[%clk 0:42:42]} gxh5
{[%clk 0:03:12]} 25. Qh4 {[%clk 0:35:28]} f6 {[%clk 0:03:20]} 26. g6
{[%clk 0:34:32]} hxg6 {[%clk 0:03:19]} 27. f5 {[%clk 0:34:49]} Bh6
{[%clk 0:00:56]} 28. fxg6 {[%clk 0:35:12]} Rae8 {[%clk 0:00:34]} 29. Ng3
{[%clk 0:30:07]} Re5 {[%clk 0:00:32]} 30. Nf5 {[%clk 0:21:57]} Rxf5
{[%clk 0:00:41]} 31. Rxf5 {[%clk 0:22:23]} Kg7 {[%clk 0:00:59]} 32. Rxh5
{[%clk 0:15:59]} Rh8 {[%clk 0:00:32]} 33. Rf1 {[%clk 0:11:25]} Qd8
{[%clk 0:00:59]} 34. Kg2 {[%clk 0:11:06]} Ne5 {[%clk 0:01:11]} 35. Bf7
{[%clk 0:11:00]} Qe7 {[%clk 0:00:47]} 36. Rh1 {[%clk 0:10:36]} 1-0

[Event "Chelyabinsk"]
[Site "?"]
[Date "2019.01.13"]
[Round "2.6"]
[White "Tologontegin, Semetey"]
[Black "Mischuk, Dmitry"]
[Result "0-1"]
[BlackElo "2357"]
[WhiteElo "2385"]
[LiveChessVersion "1.4.8"]

1. Nf3 {[%clk 1:30:45]} Nf6 {[%clk 1:30:42]} 2. g3 {[%clk 1:31:07]} g6
{[%clk 1:31:09]} 3. Bg2 {[%clk 1:31:28]} Bg7 {[%clk 1:31:33]} 4. d4
{[%clk 1:31:32]} d5 {[%clk 1:31:58]} 5. O-O {[%clk 1:31:48]} O-O {[%clk 1:32:23]}
6. c4 {[%clk 1:32:05]} c6 {[%clk 1:32:41]} 7. Qb3 {[%clk 1:32:13]} Qb6
{[%clk 1:33:03]} 8. Nc3 {[%clk 1:32:29]} Rd8 {[%clk 1:33:27]} 9. Rd1
{[%clk 1:32:49]} Bf5 {[%clk 1:32:30]} 10. Ne1 {[%clk 1:33:05]} Qxb3
{[%clk 1:14:26]} 11. axb3 {[%clk 1:33:17]} Na6 {[%clk 1:14:54]} 12. c5
{[%clk 1:05:23]} e5 {[%clk 1:01:25]} 13. e3 {[%clk 1:05:10]} e4 {[%clk 0:59:11]}
14. Bd2 {[%clk 1:02:23]} Bg4 {[%clk 0:57:58]} 15. Rdc1 {[%clk 1:02:11]} Nc7
{[%clk 0:54:09]} 16. Ra4 {[%clk 1:00:10]} a6 {[%clk 0:53:31]} 17. Bf1
{[%clk 0:59:30]} Rf8 {[%clk 0:53:37]} 18. Na2 {[%clk 0:59:15]} Rae8
{[%clk 0:52:03]} 19. Ba5 {[%clk 0:59:15]} Re7 {[%clk 0:51:57]} 20. Bxc7
{[%clk 0:53:09]} Rxc7 {[%clk 0:51:59]} 21. Rb4 {[%clk 0:53:26]} Bc8
{[%clk 0:51:33]} 22. Nc3 {[%clk 0:51:19]} g5 {[%clk 0:47:56]} 23. Ra4
{[%clk 0:47:45]} h6 {[%clk 0:40:57]} 24. Ra3 {[%clk 0:41:54]} Ne8
{[%clk 0:37:37]} 25. Na4 {[%clk 0:41:40]} f5 {[%clk 0:35:40]} 26. Nb6
{[%clk 0:41:13]} Be6 {[%clk 0:35:08]} 27. Bh3 {[%clk 0:17:46]} Rcf7
{[%clk 0:33:33]} 28. Nc2 {[%clk 0:17:02]} Nc7 {[%clk 0:33:50]} 29. Rf1
{[%clk 0:17:01]} Kh7 {[%clk 0:34:10]} 30. Raa1 {[%clk 0:17:25]} Kg6
{[%clk 0:34:34]} 31. Na4 {[%clk 0:17:36]} h5 {[%clk 0:34:52]} 32. Nc3
{[%clk 0:17:31]} h4 {[%clk 0:34:41]} 33. Ne2 {[%clk 0:16:03]} Rh8
{[%clk 0:35:05]} 34. Bg2 {[%clk 0:16:07]} Ne8 {[%clk 0:28:47]} 35. f4
{[%clk 0:10:41]} exf3 {[%clk 0:27:36]} 36. Bxf3 {[%clk 0:09:17]} Bf6
{[%clk 0:27:04]} 37. Ne1 {[%clk 0:09:04]} Bd8 {[%clk 0:26:05]} 38. Nd3
{[%clk 0:08:55]} Bc7 {[%clk 0:25:56]} 39. Rf2 {[%clk 0:06:22]} Re7
{[%clk 0:24:54]} 40. gxh4 {[%clk 0:05:33]} Rxh4 {[%clk 0:25:05]} 41. Rg2
{[%clk 0:05:56]} Bc8 {[%clk 0:23:55]} 42. Kf2 {[%clk 0:06:05]} Kf6
{[%clk 0:24:01]} 43. Ng3 {[%clk 0:05:56]} Reh7 {[%clk 0:23:31]} 44. Rh1
{[%clk 0:03:45]} Ng7 {[%clk 0:23:56]} 45. Kg1 {[%clk 0:03:36]} g4
{[%clk 0:21:35]} 46. Bd1 {[%clk 0:03:26]} Ne6 {[%clk 0:21:42]} 47. Ne2
{[%clk 0:03:39]} Rh3 {[%clk 0:21:30]} 48. Ng3 {[%clk 0:03:35]} Ng5
{[%clk 0:21:20]} 49. Nf4 {[%clk 0:03:50]} Bxf4 {[%clk 0:21:00]} 50. exf4
{[%clk 0:04:17]} Ne6 {[%clk 0:21:28]} 51. Ne2 {[%clk 0:01:09]} Rd3
{[%clk 0:18:17]} 52. Bc2 {[%clk 0:01:35]} Re3 {[%clk 0:18:33]} 53. Rf2
{[%clk 0:01:08]} Rhh3 {[%clk 0:18:14]} 54. Kg2 {[%clk 0:01:22]} Rxe2
{[%clk 0:18:35]} 55. Rxe2 {[%clk 0:01:40]} Nxf4+ {[%clk 0:19:02]} 56. Kf1
{[%clk 0:01:54]} Nxe2 {[%clk 0:19:21]} 57. Kxe2 {[%clk 0:02:19]} f4
{[%clk 0:19:43]} 0-1

[Event "Chelyabinsk"]
[Site "?"]
[Date "2019.01.13"]
[Round "2.7"]
[White "Ponomariov, Valeriy"]
[Black "Nugumanov, Bakhtiyar"]
[Result "0-1"]
[BlackElo "2391"]
[WhiteElo "2378"]
[LiveChessVersion "1.4.8"]

1. d4 {[%clk 1:30:57]} e6 {[%clk 1:30:45]} 2. c4 {[%clk 1:31:09]} f5
{[%clk 1:31:08]} 3. g3 {[%clk 1:31:09]} Nf6 {[%clk 1:31:32]} 4. Bg2
{[%clk 1:31:27]} c6 {[%clk 1:31:54]} 5. Nc3 {[%clk 1:31:31]} d5 {[%clk 1:30:45]}
6. Bf4 {[%clk 1:27:49]} Be7 {[%clk 1:28:37]} 7. Nf3 {[%clk 1:28:09]} O-O
{[%clk 1:28:36]} 8. O-O {[%clk 1:27:58]} Ne4 {[%clk 1:27:32]} 9. Qc2
{[%clk 1:28:02]} Nd7 {[%clk 1:26:35]} 10. Rad1 {[%clk 1:28:05]} Qe8
{[%clk 1:21:13]} 11. Ne5 {[%clk 1:26:39]} Nxe5 {[%clk 1:16:09]} 12. Bxe5
{[%clk 1:26:10]} Nd6 {[%clk 1:14:20]} 13. b3 {[%clk 1:03:24]} Bd7
{[%clk 1:11:12]} 14. Qd3 {[%clk 0:56:48]} Nf7 {[%clk 1:04:58]} 15. Bf4
{[%clk 0:56:25]} b5 {[%clk 1:01:25]} 16. h3 {[%clk 0:49:59]} Rc8 {[%clk 0:58:40]}
17. g4 {[%clk 0:46:17]} fxg4 {[%clk 0:54:25]} 18. hxg4 {[%clk 0:46:29]} bxc4
{[%clk 0:50:12]} 19. bxc4 {[%clk 0:45:50]} Nd6 {[%clk 0:49:19]} 20. Bxd6
{[%clk 0:45:09]} Bxd6 {[%clk 0:49:48]} 21. e4 {[%clk 0:45:01]} e5
{[%clk 0:38:19]} 22. exd5 {[%clk 0:44:02]} exd4 {[%clk 0:33:52]} 23. Rde1
{[%clk 0:33:18]} Qd8 {[%clk 0:31:50]} 24. Qxd4 {[%clk 0:24:55]} c5
{[%clk 0:30:15]} 25. Qd3 {[%clk 0:21:42]} Bxg4 {[%clk 0:29:13]} 26. Ne4
{[%clk 0:21:46]} Bf4 {[%clk 0:28:47]} 27. Ng3 {[%clk 0:18:40]} Qh4
{[%clk 0:27:44]} 28. Qc3 {[%clk 0:13:54]} Rf7 {[%clk 0:20:17]} 29. Re4
{[%clk 0:12:32]} Rcf8 {[%clk 0:19:17]} 30. Rfe1 {[%clk 0:12:34]} Bd6
{[%clk 0:18:42]} 31. R1e2 {[%clk 0:12:19]} Qg5 {[%clk 0:16:56]} 32. Rb2
{[%clk 0:07:20]} h5 {[%clk 0:14:05]} 33. Re6 {[%clk 0:05:36]} Bxe6
{[%clk 0:08:24]} 34. dxe6 {[%clk 0:05:55]} Rf4 {[%clk 0:08:09]} 35. Re2
{[%clk 0:04:31]} Rd4 {[%clk 0:07:16]} 36. Ne4 {[%clk 0:03:51]} Qe5
{[%clk 0:06:40]} 37. Qh3 {[%clk 0:03:04]} Rd1+ {[%clk 0:05:59]} 38. Bf1
{[%clk 0:03:31]} Be7 {[%clk 0:03:46]} 39. Nc3 {[%clk 0:02:37]} Qg5+
{[%clk 0:03:51]} 40. Kh1 {[%clk 0:03:05]} Rc1 {[%clk 0:03:24]} 41. Nd5
{[%clk 0:03:11]} g6 {[%clk 0:02:55]} 42. Qg2 {[%clk 0:03:09]} Qh4+
{[%clk 0:02:55]} 43. Kg1 {[%clk 0:03:35]} Kh7 {[%clk 0:02:54]} 44. Re4
{[%clk 0:01:46]} Qg5 {[%clk 0:02:06]} 45. Qxg5 {[%clk 0:02:08]} Bxg5
{[%clk 0:02:34]} 46. Nc7 {[%clk 0:00:42]} Be7 {[%clk 0:02:07]} 47. Nd5
{[%clk 0:01:07]} Re8 {[%clk 0:02:15]} 48. Rf4 {[%clk 0:00:34]} Kh6
{[%clk 0:02:05]} 49. Kg2 {[%clk 0:00:35]} Re1 {[%clk 0:02:01]} 50. Bd3
{[%clk 0:00:31]} Bg5 {[%clk 0:02:03]} 51. Rf7 {[%clk 0:00:42]} R8xe6
{[%clk 0:02:16]} 52. Rxa7 {[%clk 0:00:36]} Rd1 {[%clk 0:01:47]} 53. Ra3
{[%clk 0:00:55]} Rd2 {[%clk 0:02:00]} 0-1

[Event "Chelyabinsk"]
[Site "?"]
[Date "2019.01.13"]
[Round "2.8"]
[White "Sitnikov, Anton"]
[Black "Remizov, Yaroslav"]
[Result "1/2-1/2"]
[BlackElo "2357"]
[WhiteElo "2410"]
[LiveChessVersion "1.4.8"]

1. e4 {[%clk 1:30:38]} c5 {[%clk 1:30:58]} 2. Nf3 {[%clk 1:31:03]} g6
{[%clk 1:31:24]} 3. Nc3 {[%clk 1:31:28]} Bg7 {[%clk 1:31:50]} 4. d4
{[%clk 1:31:54]} cxd4 {[%clk 1:32:17]} 5. Nxd4 {[%clk 1:32:20]} d6
{[%clk 1:32:35]} 6. Be3 {[%clk 1:32:44]} Nf6 {[%clk 1:32:42]} 7. f3
{[%clk 1:33:05]} a6 {[%clk 1:32:36]} 8. Qd2 {[%clk 1:33:24]} Nbd7
{[%clk 1:32:56]} 9. g4 {[%clk 1:32:39]} b5 {[%clk 1:33:05]} 10. g5
{[%clk 1:32:01]} Nh5 {[%clk 1:33:05]} 11. a4 {[%clk 1:31:48]} bxa4
{[%clk 1:29:51]} 12. Rxa4 {[%clk 1:26:26]} O-O {[%clk 1:19:14]} 13. Be2
{[%clk 1:12:07]} Bb7 {[%clk 1:15:00]} 14. Nb3 {[%clk 1:06:36]} f5
{[%clk 1:05:18]} 15. Na5 {[%clk 0:49:55]} Qc7 {[%clk 1:04:27]} 16. Nxb7
{[%clk 0:36:44]} Qxb7 {[%clk 1:03:56]} 17. Qd5+ {[%clk 0:34:34]} Qxd5
{[%clk 1:04:12]} 18. Nxd5 {[%clk 0:34:58]} fxe4 {[%clk 0:53:17]} 19. Rxe4
{[%clk 0:20:49]} Bxb2 {[%clk 0:51:51]} 20. Rxe7 {[%clk 0:21:06]} Rf7
{[%clk 0:51:27]} 21. Rxf7 {[%clk 0:16:37]} Kxf7 {[%clk 0:51:48]} 22. Kd2
{[%clk 0:17:06]} a5 {[%clk 0:42:50]} 23. Rb1 {[%clk 0:04:46]} Rb8
{[%clk 0:43:08]} 24. Ba7 {[%clk 0:05:05]} Ra8 {[%clk 0:43:35]} 25. Be3
{[%clk 0:05:29]} Rb8 {[%clk 0:44:02]} 26. c3 {[%clk 0:03:48]} a4 {[%clk 0:42:54]}
27. Nb6 {[%clk 0:04:12]} a3 {[%clk 0:33:42]} 28. Nxd7 {[%clk 0:04:35]} Rc8
{[%clk 0:33:56]} 29. Rxb2 {[%clk 0:04:47]} axb2 {[%clk 0:33:11]} 30. Bd3
{[%clk 0:05:14]} Ng7 {[%clk 0:26:16]} 31. Nb6 {[%clk 0:05:31]} Rb8
{[%clk 0:24:10]} 32. Kc2 {[%clk 0:04:45]} Nf5 {[%clk 0:21:19]} 33. Bf2
{[%clk 0:01:33]} Nh4 {[%clk 0:06:09]} 34. Be4 {[%clk 0:01:51]} Ng2
{[%clk 0:03:57]} 35. Kxb2 {[%clk 0:01:59]} Nf4 {[%clk 0:04:14]} 36. h4
{[%clk 0:00:38]} d5 {[%clk 0:03:00]} 37. Bc2 {[%clk 0:01:05]} Ke6
{[%clk 0:00:58]} 38. Kb3 {[%clk 0:00:41]} d4 {[%clk 0:00:51]} 39. Bxd4
{[%clk 0:00:56]} Nd5 {[%clk 0:01:20]} 40. c4 {[%clk 0:01:02]} Nxb6
{[%clk 0:01:46]} 41. Kc3 {[%clk 0:01:28]} Nd7 {[%clk 0:01:32]} 42. c5
{[%clk 0:00:37]} Rc8 {[%clk 0:01:43]} 43. Bb3+ {[%clk 0:00:43]} Kf5
{[%clk 0:02:05]} 44. Kb4 {[%clk 0:00:39]} Ne5 {[%clk 0:01:14]} 45. Bd5
{[%clk 0:00:35]} Kf4 {[%clk 0:00:53]} 46. Kb5 {[%clk 0:00:31]} Nxf3
{[%clk 0:00:32]} 47. Bf6 {[%clk 0:00:54]} Nxh4 {[%clk 0:00:43]} 48. Bb7
{[%clk 0:00:41]} Rc7 {[%clk 0:00:33]} 49. Kb6 {[%clk 0:01:05]} Rf7
{[%clk 0:00:38]} 50. Bd5 {[%clk 0:01:09]} Rf8 {[%clk 0:00:46]} 51. c6
{[%clk 0:01:22]} Nf5 {[%clk 0:00:48]} 52. c7 {[%clk 0:00:48]} Rc8
{[%clk 0:00:42]} 53. Be6 {[%clk 0:01:08]} Rxc7 {[%clk 0:00:53]} 54. Kxc7
{[%clk 0:01:33]} h6 {[%clk 0:01:20]} 55. gxh6 {[%clk 0:01:46]} Nxh6
{[%clk 0:01:44]} 56. Kd6 {[%clk 0:02:10]} g5 {[%clk 0:01:04]} 57. Kd5
{[%clk 0:02:09]} g4 {[%clk 0:01:01]} 58. Kd4 {[%clk 0:01:15]} g3 {[%clk 0:01:14]}
59. Be5+ {[%clk 0:01:04]} Kf3 {[%clk 0:01:37]} 60. Bd5+ {[%clk 0:01:14]} Kf2
{[%clk 0:01:56]} 61. Ke4 {[%clk 0:01:39]} g2 {[%clk 0:01:24]} 62. Bd4+
{[%clk 0:02:06]} Kg3 {[%clk 0:01:48]} 63. Kd3 {[%clk 0:01:18]} Kh2
{[%clk 0:02:01]} 64. Be5+ {[%clk 0:01:39]} Kh3 {[%clk 0:02:29]} 65. Be6+
{[%clk 0:02:00]} Ng4 {[%clk 0:02:53]} 66. Bd4 {[%clk 0:02:27]} Kh2
{[%clk 0:03:17]} 67. Ke4 1/2-1/2